[Event "III Weekend A"]
[Site "Novara ITA"]
[Date "2002.11.03"]
[Round "5"]
[White "Mazzariol, Oscar"]
[Black "Bemporad, Filippo"]
[Result "1-0"]
[WhiteElo "2141"]
[BlackElo "2108"]
[PlyCount "105"]
[EventDate "2002.11.01"]

1. e4 c5 2. Nf3 d6 3. c3 Nf6 4. h3 Nc6 5. Bd3 g6 6. O-O Bg7 7. Bc2 O-O 8. d4
cxd4 9. cxd4 b6 10. Nc3 Nb4 11. Bb1 Bb7 12. Be3 Rc8 13. Qd2 Nc6 14. Bc2 Na5 15.
Qe2 Qc7 16. Bd3 Nc6 17. Rac1 Qb8 18. d5 Ne5 19. Nxe5 dxe5 20. f4 Nh5 21. f5 Ng3
22. Qg4 Nxf1 23. Rxf1 Qd6 24. h4 a6 25. h5 b5 26. hxg6 hxg6 27. Rf3 b4 28. Nd1
Rc7 29. Rh3 Rfc8 30. Qh4 Kf8 31. Qh7 Rc1 32. Be2 Rb1 33. Bh6 Ke8 34. Qxg7 gxf5
35. Qg8+ Kd7 36. Qxf7 Qf6 37. Qxf6 exf6 38. exf5 Rc2 39. Kf1 Rcxb2 40. a3 b3
41. Rd3 Ra2 42. Bg7 a5 43. Ke1 Ba6 44. Rd2 Bxe2 45. Kxe2 Rxa3 46. Bxf6 Kd6 47.
Nc3 Raa1 48. Nxb1 Rxb1 49. Bxe5+ Kxe5 50. d6 b2 51. Kd3 Rc1 52. Rxb2 Kxf5 53.
d7 1-0

[Event "III Weekend A"]
[Site "Novara ITA"]
[Date "2002.11.03"]
[Round "5"]
[White "Moncelli, Giorgio"]
[Black "Ubezio, Marco"]
[Result "1/2-1/2"]
[WhiteElo "2166"]
[BlackElo "2195"]
[PlyCount "62"]
[EventDate "2002.11.01"]

1. Nf3 Nc6 2. e4 Nf6 3. e5 Nd5 4. d4 d6 5. c4 Nb6 6. exd6 exd6 7. Be3 Be7 8.
Be2 O-O 9. h3 Bf5 10. Nc3 d5 11. c5 Nc4 12. O-O Bf6 13. Rc1 Nxb2 14. Qb3 Nd3
15. Rcd1 Ndb4 16. a3 Bc2 17. Qb2 Bxd1 18. Rxd1 a5 19. axb4 Nxb4 20. Na4 Qd7 21.
Qb3 Rfe8 22. Nc3 Qf5 23. Ne1 c6 24. Nd3 Nxd3 25. Bxd3 Qd7 26. Na4 Qc7 27. Nb6
Rab8 28. Ra1 g6 29. Rxa5 Rxe3 30. fxe3 Qg3 31. Nd7 Bg5 1/2-1/2

[Event "III Weekend A"]
[Site "Novara ITA"]
[Date "2002.11.03"]
[Round "5"]
[White "Raineri, Valerio"]
[Black "Radice, Luca"]
[Result "1/2-1/2"]
[WhiteElo "2139"]
[BlackElo "2077"]
[PlyCount "62"]
[EventDate "2002.11.01"]

1. e4 e6 2. d3 d5 3. Qe2 Nf6 4. f4 dxe4 5. dxe4 Bd7 6. e5 Nd5 7. Nf3 Bc5 8. a3
a5 9. c4 Ne7 10. Nc3 Bc6 11. Be3 Bxe3 12. Qxe3 Nf5 13. Qf2 Bxf3 14. Qxf3 Nd4
15. Qf2 O-O 16. Rd1 c5 17. Ne4 b6 18. Bd3 f6 19. exf6 gxf6 20. Bb1 Nbc6 21. Qh4
Ra7 22. Rd3 f5 23. Ng5 e5 24. Rg3 Rg7 25. Qh6 Qf6 26. Qxf6 Rxf6 27. Nf3 Rxg3
28. hxg3 e4 29. Nd2 Rg6 30. Rh3 Kg7 31. Nf1 Rh6 1/2-1/2

[Event "III Weekend A"]
[Site "Novara ITA"]
[Date "2002.11.03"]
[Round "5"]
[White "Recanatini, Italo"]
[Black "Volpi, Davide"]
[Result "0-1"]
[WhiteElo "1878"]
[BlackElo "2100"]
[PlyCount "32"]
[EventDate "2002.11.01"]

1. e4 e5 2. Nf3 Nc6 3. Bb5 a6 4. Bxc6 dxc6 5. d4 exd4 6. Qxd4 Qxd4 7. Nxd4 Bd6
8. Be3 Bd7 9. Nd2 O-O-O 10. O-O c5 11. Ne2 Bc6 12. Ng3 Nf6 13. f3 Be5 14. c3
Rd3 15. Nc4 Bxg3 16. hxg3 Bb5 0-1

[Event "III Weekend A"]
[Site "Novara ITA"]
[Date "2002.11.03"]
[Round "5"]
[White "Sbarra, Marco"]
[Black "Bozzali, Ermanno"]
[Result "1/2-1/2"]
[WhiteElo "2220"]
[BlackElo "2135"]
[PlyCount "79"]
[EventDate "2002.11.01"]

1. e4 c5 2. Nf3 e6 3. b3 Nf6 4. e5 Nd5 5. Bb2 b6 6. c4 Nb4 7. a3 N4c6 8. g3 Be7
9. Bg2 Bb7 10. O-O Qc8 11. Nc3 O-O 12. Ne4 f5 13. exf6 gxf6 14. d4 Nxd4 15.
Nxd4 cxd4 16. Qxd4 Nc6 17. Qd2 Qe8 18. Rad1 Rd8 19. f4 Na5 20. Qc3 d5 21. Nd2
Bc5+ 22. Kh1 dxc4 23. Nxc4 Bxg2+ 24. Kxg2 Qc6+ 25. Kh3 Nxc4 26. Qxc4 Rd5 27. f5
b5 28. Qg4+ Kh8 29. fxe6 Be7 30. Qe2 Rc5 31. Rc1 Rxc1 32. Rxc1 Qd5 33. Rd1 Qf5+
34. Kg2 Rc8 35. Rc1 Rxc1 36. Bxc1 Qe5 37. Qf3 Qxe6 38. Bh6 Kg8 39. h3 f5 40.
Bf4 1/2-1/2

[Event "III Weekend A"]
[Site "Novara ITA"]
[Date "2002.11.03"]
[Round "6"]
[White "Aglietti, Graziano"]
[Black "Raineri, Valerio"]
[Result "0-1"]
[WhiteElo "2064"]
[BlackElo "2139"]
[PlyCount "114"]
[EventDate "2002.11.01"]

1. d4 Nf6 2. Nf3 g6 3. g3 Bg7 4. Bg2 d6 5. O-O O-O 6. c4 c6 7. Nc3 Nbd7 8. b3
Re8 9. Bb2 e5 10. dxe5 dxe5 11. e4 Bf8 12. Qe2 Qc7 13. Rad1 a5 14. Bh3 Nc5 15.
Bxc8 Qxc8 16. Kg2 Nh5 17. Bc1 f6 18. Nh4 Ng7 19. f4 exf4 20. gxf4 Qe6 21. f5
gxf5 22. Bh6 Nxe4 23. Nxe4 Qxe4+ 24. Qxe4 fxe4 25. Rxf6 Be7 26. Bxg7 Kxg7 27.
Rf4 Bxh4 28. Rxh4 Re7 29. Re1 e3 30. Kf3 Rf8+ 31. Rf4 Rxf4+ 32. Kxf4 e2 33. Kf3
Kg6 34. Rxe2 Rxe2 35. Kxe2 Kg5 36. Kf3 Kh4 37. Kg2 Kg4 38. h3+ Kf4 39. Kf2 b6
40. h4 Kg4 41. Ke3 Kxh4 42. Kf4 h6 43. Ke5 Kg5 44. Kd6 c5 45. Kc6 h5 46. Kxb6
h4 47. Kxc5 h3 48. Kb5 h2 49. Kxa5 h1=Q 50. a4 Qc6 51. Kb4 Qb6+ 52. Kc3 Qa5+
53. b4 Qxa4 54. b5 Kf5 55. Kd4 Ke6 56. Kc5 Kd7 57. Kb6 Qxc4 0-1

[Event "III Weekend A"]
[Site "Novara ITA"]
[Date "2002.11.03"]
[Round "6"]
[White "Barberi, Alessandro"]
[Black "Sbarra, Marco"]
[Result "1/2-1/2"]
[WhiteElo "2094"]
[BlackElo "2220"]
[PlyCount "49"]
[EventDate "2002.11.01"]

1. d4 d5 2. c4 e6 3. Nc3 c5 4. e3 Nc6 5. Nf3 Nf6 6. Be2 a6 7. cxd5 exd5 8. dxc5
Bxc5 9. a3 O-O 10. b4 Ba7 11. Bb2 Re8 12. O-O d4 13. exd4 Nxd4 14. Nxd4 Qxd4
15. Qxd4 Bxd4 16. Bf3 Rb8 17. Rad1 Be5 18. h3 Bd7 19. Rfe1 Bc6 20. Bxc6 bxc6
21. Na4 Bxb2 22. Nxb2 Rxe1+ 23. Rxe1 c5 24. Rc1 h6 25. Nd3 1/2-1/2

[Event "III Weekend A"]
[Site "Novara ITA"]
[Date "2002.11.03"]
[Round "6"]
[White "Berni, Fabrizio"]
[Black "Moncelli, Giorgio"]
[Result "1-0"]
[WhiteElo "2117"]
[BlackElo "2166"]
[PlyCount "141"]
[EventDate "2002.11.01"]

1. e4 e5 2. Nf3 Nc6 3. Bb5 a6 4. Ba4 Nf6 5. d3 b5 6. Bb3 Be7 7. O-O O-O 8. a4
Bb7 9. Nc3 b4 10. Nd5 Nxd5 11. Bxd5 d6 12. a5 Nxa5 13. Rxa5 c6 14. Ra4 cxd5 15.
Rxb4 Bc6 16. Bd2 a5 17. Rb3 dxe4 18. dxe4 Bxe4 19. Re1 Bc6 20. Ra3 f5 21. Qe2
Bxf3 22. Qxf3 d5 23. Ra4 e4 24. Qb3 Bc5 25. Rd1 Rb8 26. Qa2 Qb6 27. Bxa5 Bxf2+
28. Kf1 Qe3 29. Qxd5+ Kh8 30. Bc7 Rbc8 31. Qd6 Bh4 32. Bb6 Qg5 33. g3 Qg4 34.
gxh4 Qf3+ 35. Kg1 h6 36. Ra3 Qe2 37. Qd2 Rxc2 38. Qxe2 Rxe2 39. Bd4 Rf7 40. Re3
Rc2 41. Bc3 Kg8 42. Rd2 Rc1+ 43. Kg2 Re7 44. Rf2 Rf7 45. Re1 Rxe1 46. Bxe1 g5
47. hxg5 hxg5 48. h4 gxh4 49. Kh3 f4 50. Kxh4 f3 51. Kg4 Kf8 52. Bd2 Ke7 53.
Be3 Ke6 54. Rc2 Ke5 55. b4 Rg7+ 56. Kh3 Rh7+ 57. Kg3 Rg7+ 58. Kh2 Kf5 59. b5
Rh7+ 60. Kg1 Kg4 61. b6 Kg3 62. Rc7 Rh5 63. Rg7+ Kh3 64. b7 Rb5 65. Rh7+ Kg3
66. Bf2+ Kf4 67. Rf7+ Kg4 68. Rg7+ Kh3 69. Rg3+ Kh4 70. Rg8+ Kh3 71. b8=Q 1-0

[Event "III Weekend A"]
[Site "Novara ITA"]
[Date "2002.11.03"]
[Round "6"]
[White "Castaldo, Folco"]
[Black "Laketic, Gojko"]
[Result "1/2-1/2"]
[WhiteElo "2338"]
[BlackElo "2444"]
[PlyCount "95"]
[EventDate "2002.11.01"]

1. Nf3 Nf6 2. c4 c6 3. Nc3 d5 4. cxd5 cxd5 5. d4 Nc6 6. Ne5 e6 7. Nxc6 bxc6 8.
g3 Bb4 9. Bg2 O-O 10. O-O Bxc3 11. bxc3 Ba6 12. Ba3 Re8 13. Re1 Bc4 14. Qc2 Qa5
15. Bd6 Rad8 16. Bf4 h6 17. Reb1 c5 18. dxc5 e5 19. Bd2 Qxc5 20. Be1 Rb8 21.
Rb2 Rb6 22. Rab1 e4 23. Bh3 Reb8 24. Bd2 Qa3 25. Rxb6 Rxb6 26. Be3 Rxb1+ 27.
Qxb1 Qxc3 28. Qb8+ Kh7 29. Bf5+ g6 30. Qf8 gxf5 31. Qxf7+ Kh8 32. Qf8+ Ng8 33.
Qc5 Kh7 34. Bd4 Qc1+ 35. Kg2 Qg5 36. Qxa7+ Qe7 37. Qa8 Qf7 38. e3 Be2 39. h3
Ne7 40. a4 f4 41. exf4 Nf5 42. Be5 Bf3+ 43. Kh2 d4 44. Qh8+ Kg6 45. g4 Ng7 46.
f5+ Nxf5 47. gxf5+ Kxf5 48. Bg3 1/2-1/2

[Event "III Weekend A"]
[Site "Novara ITA"]
[Date "2002.11.03"]
[Round "6"]
[White "De Lillo, Michele"]
[Black "Trumpf, Walter"]
[Result "1/2-1/2"]
[WhiteElo "1728"]
[BlackElo "2102"]
[PlyCount "21"]
[EventDate "2002.11.01"]

1. e4 g6 2. d4 Bg7 3. Nc3 d6 4. Be3 a6 5. Nf3 Bg4 6. Be2 Nf6 7. h3 Bd7 8. Qd2
b5 9. a3 O-O 10. e5 Ne8 11. Rd1 1/2-1/2

[Event "III Weekend A"]
[Site "Novara ITA"]
[Date "2002.11.03"]
[Round "6"]
[White "Radice, Luca"]
[Black "Giordani, Marco"]
[Result "0-1"]
[WhiteElo "2077"]
[BlackElo "2097"]
[PlyCount "92"]
[EventDate "2002.11.01"]

1. d4 e6 2. c4 Nf6 3. Nc3 Bb4 4. e3 c5 5. Bd3 Nc6 6. Nge2 d6 7. O-O Bxc3 8.
bxc3 e5 9. e4 b6 10. f3 Na5 11. Ng3 h6 12. Be3 g5 13. Qe2 Be6 14. Nf5 Bxf5 15.
exf5 Qe7 16. Rfe1 O-O-O 17. Bf2 Rhe8 18. Rab1 Qc7 19. Qc2 Nc6 20. Qb2 exd4 21.
cxd4 Nxd4 22. a4 Rxe1+ 23. Bxe1 Re8 24. a5 Re3 25. axb6 axb6 26. Rd1 Qc6 27.
Bf2 Re7 28. Ra1 Kb8 29. Ra6 Rb7 30. Kf1 Kc7 31. Bxd4 cxd4 32. Qxd4 d5 33. c5
Nd7 34. cxb6+ Rxb6 35. Ra2 Qd6 36. g3 Ne5 37. Be2 Nc6 38. Qg7 Ne5 39. Rc2+ Rc6
40. Ra2 d4 41. f4 gxf4 42. gxf4 Rc1+ 43. Kf2 Nd7 44. Qg3 Nc5 45. Bd3 Rc3 46.
Rd2 Rxd3 0-1

[Event "III Weekend A"]
[Site "Novara ITA"]
[Date "2002.11.03"]
[Round "6"]
[White "Ranieri, Fabrizio"]
[Black "Bozzali, Ermanno"]
[Result "1/2-1/2"]
[WhiteElo "2173"]
[BlackElo "2135"]
[PlyCount "28"]
[EventDate "2002.11.01"]

1. e4 g6 2. d4 Bg7 3. Bg5 c6 4. Nf3 d5 5. exd5 cxd5 6. Bb5+ Bd7 7. Bxd7+ Nxd7
8. O-O Ngf6 9. Re1 O-O 10. Nc3 e6 11. Qd2 Rc8 12. Bh6 Qc7 13. Bxg7 Kxg7 14.
Rac1 Qb6 1/2-1/2

[Event "XXXV Olimpiadi femminile"]
[Site "Bled SLO"]
[Date "2002.10.26"]
[Round "1.1"]
[White "Pokorna, Regina"]
[Black "Costantini, Laura"]
[Result "1-0"]
[WhiteElo "2362"]
[BlackElo "2052"]
[Annotator "ITA-SVK"]
[PlyCount "63"]
[EventDate "2002.10.26"]

1. e4 c5 2. Nf3 d6 3. d4 cxd4 4. Nxd4 Nf6 5. Nc3 a6 6. Bc4 e6 7. Bb3 b5 8. O-O
Be7 9. f4 Bb7 10. f5 e5 11. Nde2 Nbd7 12. Ng3 h5 13. Qf3 Rc8 14. Rd1 b4 15. Nd5
Nxd5 16. exd5 Nf6 17. Ne4 Qa5 18. a3 h4 19. Nxf6+ Bxf6 20. Bd2 Qc5+ 21. Be3 Qb5
22. axb4 Qxb4 23. Ra4 Qb5 24. Rg4 Ke7 25. h3 Rh7 26. Bf2 Rd8 27. c4 Qa5 28. c5
Bc8 29. Rc4 Qb5 30. Rdc1 Kf8 31. cxd6 Qd7 32. Bb6 1-0

[Event "XXXV Olimpiadi femminile"]
[Site "Bled SLO"]
[Date "2002.10.26"]
[Round "1.2"]
[White "Ambrosi, Eleonora"]
[Black "Hagarova, Zuzana"]
[Result "1/2-1/2"]
[WhiteElo "2059"]
[BlackElo "2333"]
[Annotator "ITA-SVK"]
[PlyCount "58"]
[EventDate "2002.10.26"]

1. d4 Nf6 2. Nd2 d5 3. Ngf3 c5 4. e3 Nc6 5. b3 Bg4 6. Bb2 e6 7. Be2 Bd6 8. O-O
O-O 9. c4 Re8 10. cxd5 exd5 11. dxc5 Bxc5 12. Rc1 Bb6 13. Re1 Qe7 14. Nf1 Rad8
15. Nd4 Ne5 16. Bxg4 Nexg4 17. h3 Ne5 18. Ng3 Ne4 19. Ngf5 Qf6 20. Re2 Qg6 21.
Nh4 Qg5 22. Nhf3 Nxf3+ 23. Nxf3 Qh6 24. Bd4 a6 25. Rec2 Ba5 26. Bb2 Bb6 27. Bd4
Ba5 28. Bb2 Bb6 29. Bd4 Ba5 1/2-1/2

[Event "XXXV Olimpiadi femminile"]
[Site "Bled SLO"]
[Date "2002.10.26"]
[Round "1.3"]
[White "Mrvova, Alena"]
[Black "Arnetta, Maria Teresa"]
[Result "1-0"]
[WhiteElo "2236"]
[BlackElo "2050"]
[Annotator "ITA-SVK"]
[PlyCount "55"]
[EventDate "2002.10.26"]

1. e4 c5 2. Nf3 e6 3. d4 cxd4 4. Nxd4 a6 5. Nc3 Qc7 6. a3 Nc6 7. Be3 Nf6 8. Be2
Be7 9. O-O b5 10. Kh1 Bb7 11. f4 Nxd4 12. Qxd4 Rc8 13. Bf3 Bc5 14. Qd3 Bxe3 15.
Qxe3 O-O 16. e5 Ne8 17. Rad1 Bxf3 18. Qxf3 d5 19. f5 Qc5 20. Qf4 exf5 21. Rxd5
Qc6 22. Qxf5 Qe6 23. Qe4 Rc4 24. Rd4 Rc5 25. Nd5 Nd6 26. exd6 Qxe4 27. Ne7+
Qxe7 28. dxe7 1-0

[Event "XXXV Olimpiadi femminile"]
[Site "Bled SLO"]
[Date "2002.10.27"]
[Round "2.1"]
[White "Kagramanov, Dina"]
[Black "Ambrosi, Eleonora"]
[Result "1-0"]
[WhiteElo "2088"]
[BlackElo "2059"]
[Annotator "ITA-CAN"]
[PlyCount "51"]
[EventDate "2002.10.26"]

1. e4 e6 2. d4 d5 3. Bd3 dxe4 4. Bxe4 Nf6 5. Bf3 c5 6. Ne2 Nc6 7. Be3 Qb6 8. b3
cxd4 9. Nxd4 Qa5+ 10. Qd2 Qxd2+ 11. Nxd2 Nxd4 12. Bxd4 Bd6 13. Nc4 Be7 14. O-O
O-O 15. Na5 Nd5 16. c4 Nb4 17. Nxb7 Nc2 18. Na5 Nxd4 19. Bxa8 Bd7 20. Rad1 e5
21. Bd5 Rb8 22. Rfe1 Bd6 23. Nb7 Bc7 24. Nc5 Bg4 25. f3 Bc8 26. Rxd4 1-0

[Event "XXXV Olimpiadi femminile"]
[Site "Bled SLO"]
[Date "2002.10.27"]
[Round "2.2"]
[White "Arnetta, Maria Teresa"]
[Black "Khaziyeva, Dinara"]
[Result "0-1"]
[WhiteElo "2050"]
[BlackElo "2102"]
[Annotator "ITA-CAN"]
[PlyCount "72"]
[EventDate "2002.10.26"]

1. e4 c6 2. d4 d5 3. exd5 cxd5 4. Bd3 Nc6 5. c3 g6 6. Bf4 Bg7 7. Nf3 f6 8. O-O
Nh6 9. Qc2 O-O 10. Re1 Nf7 11. Bg3 e5 12. dxe5 fxe5 13. Bb5 e4 14. Nfd2 Qb6 15.
Na3 a6 16. Bf1 Ne7 17. Qb3 Qf6 18. f3 Bh6 19. Nab1 e3 20. Nc4 dxc4 21. Bxc4 b5
22. Bd3 Bf5 23. Be2 Be6 24. Qb4 Nf5 25. Bc7 Rac8 26. Bb6 Rc6 27. Ba7 Ra8 28.
Bc5 Rac8 29. Ba7 Bf8 30. Qa5 Qh4 31. Rf1 Bd6 32. f4 Bxf4 33. Rxf4 Qxf4 34. Bf3
Ne5 35. Na3 Nxf3+ 36. gxf3 Qxf3 0-1

[Event "XXXV Olimpiadi femminile"]
[Site "Bled SLO"]
[Date "2002.10.27"]
[Round "2.3"]
[White "Benggawan, Amanda"]
[Black "Sirletti, Sonia"]
[Result "1/2-1/2"]
[WhiteElo "2046"]
[BlackElo "1819"]
[Annotator "ITA-CAN"]
[PlyCount "61"]
[EventDate "2002.10.26"]

1. e4 e6 2. d4 d5 3. Bd3 dxe4 4. Bxe4 Nf6 5. Bf3 c5 6. Ne2 Nc6 7. Be3 Qb6 8. b3
cxd4 9. Nxd4 Bc5 10. Nxc6 Bxe3 11. fxe3 bxc6 12. Kf2 O-O 13. c4 Rd8 14. Qc2 Bb7
15. Nc3 Rd7 16. Rhd1 Rad8 17. Na4 Qa5 18. Rxd7 Rxd7 19. Rd1 g6 20. Rd3 Qf5 21.
Ke2 Rxd3 22. Qxd3 Qxd3+ 23. Kxd3 Nd7 24. Kc3 Kf8 25. Kb4 Ke7 26. Nc5 Nxc5 27.
Kxc5 Kd7 28. b4 Kc7 29. a4 a6 30. Kd4 f6 31. g4 1/2-1/2

[Event "XXXV Olimpiadi femminile"]
[Site "Bled SLO"]
[Date "2002.10.28"]
[Round "3.1"]
[White "Costantini, Laura"]
[Black "Reyes Jara, Paula"]
[Result "0-1"]
[WhiteElo "2052"]
[BlackElo "2181"]
[Annotator "ITA-CHI"]
[PlyCount "101"]
[EventDate "2002.10.26"]

1. e4 e5 2. Nf3 Nc6 3. d4 exd4 4. Nxd4 Bc5 5. Be3 Bb6 6. Bc4 Nf6 7. Nc3 O-O 8.
O-O d6 9. f3 Ne5 10. Be2 d5 11. Nxd5 Nxd5 12. exd5 Qxd5 13. Bf2 Ng6 14. Nb3
Bxf2+ 15. Rxf2 Qg5 16. Bf1 Rd8 17. Rd2 Rxd2 18. Qxd2 Qxd2 19. Nxd2 Bf5 20. c3
Rd8 21. Nb3 Kf8 22. Nd4 Bd7 23. Re1 c5 24. Nb5 a6 25. Nd6 Bc6 26. Rd1 Nf4 27.
Kf2 g6 28. g3 Ne6 29. Be2 b5 30. Ke3 f5 31. g4 f4+ 32. Kf2 Ke7 33. Ne4 Rxd1 34.
Bxd1 Bxe4 35. fxe4 Kf6 36. Kf3 Ke5 37. h4 g5 38. h5 h6 39. a4 b4 40. a5 Nd8 41.
Be2 Nc6 42. Bxa6 Nxa5 43. Be2 Nb3 44. Bd1 Nd2+ 45. Ke2 Nxe4 46. cxb4 cxb4 47.
Bc2 Kd4 48. Kf3 Nd2+ 49. Ke2 Nc4 50. b3 Ne3 51. Kf3 0-1

[Event "XXXV Olimpiadi femminile"]
[Site "Bled SLO"]
[Date "2002.10.28"]
[Round "3.3"]
[White "Sirletti, Sonia"]
[Black "Berrios Gimenez, Delenis"]
[Result "1/2-1/2"]
[WhiteElo "1819"]
[BlackElo "2074"]
[Annotator "ITA-CHI"]
[PlyCount "69"]
[EventDate "2002.10.26"]

1. d4 Nf6 2. c4 g6 3. Nc3 Bg7 4. e4 d6 5. Nf3 O-O 6. Be2 Nbd7 7. O-O e5 8. d5
Ne8 9. b4 f5 10. Ba3 Ndf6 11. Nd2 f4 12. c5 Rf7 13. cxd6 cxd6 14. Rc1 a6 15. b5
Bf8 16. Kh1 g5 17. f3 h5 18. Qb3 g4 19. bxa6 bxa6 20. Na4 Bd7 21. Nc4 Rb8 22.
Bb4 Bb5 23. Rfe1 Rbb7 24. Na5 Rbc7 25. Bxb5 Rxc1 26. Rxc1 axb5 27. Nc3 Qb6 28.
Nc6 Rg7 29. Ba5 Qe3 30. Rf1 gxf3 31. gxf3 Qd2 32. Rg1 Rxg1+ 33. Kxg1 Qe3+ 34.
Kg2 Qd2+ 35. Kg1 1/2-1/2

[Event "XXXV Olimpiadi femminile"]
[Site "Bled SLO"]
[Date "2002.10.30"]
[Round "5.1"]
[White "Bakalarz, Grazyna"]
[Black "Costantini, Laura"]
[Result "1/2-1/2"]
[WhiteElo "2098"]
[BlackElo "2052"]
[Annotator "ITA-LUX"]
[PlyCount "82"]
[EventDate "2002.10.26"]

1. d4 Nf6 2. Nf3 g6 3. Bg5 Bg7 4. Nbd2 d5 5. c3 O-O 6. e3 Nbd7 7. h3 Re8 8. Bf4
c6 9. Be2 h6 10. O-O Ne4 11. Nxe4 dxe4 12. Nd2 Nf6 13. Be5 Bf5 14. Qb3 Qc8 15.
Bc4 Rf8 16. Bxf6 Bxf6 17. Qc2 c5 18. dxc5 Qxc5 19. g4 Bd7 20. Qxe4 Kh8 21. Qd5
Qc7 22. Qg2 Rad8 23. Bd5 Bc6 24. Bxc6 Rxd2 25. Bxb7 Rb8 26. Bd5 Rbxb2 27. Qf3
Kg7 28. Rad1 e6 29. Rxd2 Rxd2 30. Bb3 Bh4 31. Qf4 Qxc3 32. Qf3 Qc5 33. Qf4 Bg5
34. Qg3 Bd8 35. Rd1 Bc7 36. Qf3 Rxd1+ 37. Qxd1 Qe5 38. Qd4 Qxd4 39. exd4 Bb6
40. d5 exd5 41. Bxd5 f5 1/2-1/2

[Event "XXXV Olimpiadi femminile"]
[Site "Bled SLO"]
[Date "2002.10.31"]
[Round "6.1"]
[White "Costantini, Laura"]
[Black "Mouradian, Knarik"]
[Result "1-0"]
[WhiteElo "2052"]
[BlackElo "2103"]
[Annotator "ITA-LIB"]
[PlyCount "73"]
[EventDate "2002.10.26"]

1. e4 c5 2. Nf3 d6 3. d4 cxd4 4. Qxd4 Nf6 5. Nc3 Nc6 6. Bb5 Bd7 7. Bxc6 Bxc6 8.
Bg5 Nd7 9. O-O-O Qb6 10. Qd2 g6 11. Be3 Qa5 12. Bd4 Nf6 13. Bxf6 exf6 14. Qd4
Be7 15. Rhe1 O-O 16. Kb1 Rfc8 17. h4 Rc7 18. Nd5 Bxd5 19. exd5 Rac8 20. h5 Bf8
21. hxg6 hxg6 22. Re2 Bg7 23. Rde1 Kf8 24. Qe4 Qb5 25. Nd4 Qd7 26. g4 Rc4 27.
c3 R4c7 28. f4 f5 29. gxf5 Bxd4 30. Qxd4 Qxf5+ 31. Ka1 f6 32. Re6 Kf7 33. Rxd6
Rc4 34. Qxa7 R8c7 35. Qb8 Qxf4 36. Qe8+ Kg7 37. Rh1 1-0

[Event "XXXV Olimpiadi femminile"]
[Site "Bled SLO"]
[Date "2002.11.01"]
[Round "7.2"]
[White "Arouche, Farida"]
[Black "Arnetta, Maria Teresa"]
[Result "1/2-1/2"]
[WhiteElo "2081"]
[BlackElo "2050"]
[Annotator "ITA-ALG"]
[PlyCount "43"]
[EventDate "2002.10.26"]

1. c4 e5 2. Nc3 Nf6 3. Nf3 Nc6 4. d4 exd4 5. Nxd4 Bb4 6. Qd3 O-O 7. Nxc6 bxc6
8. a3 Bxc3+ 9. Qxc3 Ne4 10. Qd4 d5 11. b4 Qf6 12. Qxf6 Nxf6 13. Bb2 a5 14. e3
axb4 15. axb4 Rxa1+ 16. Bxa1 Be6 17. c5 Rb8 18. Bd3 Rxb4 19. O-O Nd7 20. Bd4 f6
21. f4 g6 22. Ra1 1/2-1/2

[Event "XXXV Olimpiadi femminile"]
[Site "Bled SLO"]
[Date "2002.11.01"]
[Round "7.3"]
[White "Sirletti, Sonia"]
[Black "Toubal, Wissan"]
[Result "1/2-1/2"]
[WhiteElo "1819"]
[BlackElo "2062"]
[Annotator "ITA-ALG"]
[PlyCount "52"]
[EventDate "2002.10.26"]

1. d4 d5 2. c4 e6 3. Nc3 Nf6 4. Bg5 Be7 5. e3 Nbd7 6. Nf3 O-O 7. Rc1 c6 8. Bd3
h6 9. Bh4 dxc4 10. Bxc4 b5 11. Bd3 Bb7 12. O-O a6 13. a4 Rc8 14. Qe2 Nb6 15.
Bxf6 Bxf6 16. Rfd1 Qe7 17. Be4 b4 18. a5 bxc3 19. axb6 cxb2 20. Qxb2 c5 21.
Bxb7 Qxb7 22. Qb3 cxd4 23. Nxd4 Rxc1 24. Rxc1 Bd8 25. Rb1 Bf6 26. Rc1 Bd8
1/2-1/2

[Event "XXXV Olimpiadi femminile"]
[Site "Bled SLO"]
[Date "2002.11.02"]
[Round "8.1"]
[White "Fierro Baquero, Martha Lorena"]
[Black "Costantini, Laura"]
[Result "0-1"]
[WhiteElo "2384"]
[BlackElo "2052"]
[Annotator "ITA-ECU"]
[PlyCount "126"]
[EventDate "2002.10.26"]

1. e4 c5 2. Nc3 d6 3. f4 Nc6 4. Nf3 g6 5. Bb5 Bd7 6. O-O Bg7 7. d3 e6 8. Qe1
Nge7 9. Kh1 Nd4 10. Bxd7+ Qxd7 11. Nxd4 cxd4 12. Ne2 O-O 13. c3 dxc3 14. bxc3
Rac8 15. Be3 b6 16. Qd2 Qb7 17. a4 f5 18. Qa2 d5 19. Bd4 fxe4 20. dxe4 Qd7 21.
Rfd1 Bxd4 22. Rxd4 Qc6 23. Qa3 Qc5 24. Qa2 Qc6 25. Rad1 Kh8 26. c4 dxe4 27. Qb2
Kg8 28. Rd7 Rc7 29. Rd8 Rc8 30. R8d7 Rc7 31. R7d6 Qxa4 32. h3 Nf5 33. Rd8 Rc8
34. R8d7 Rf7 35. Qe5 Rxd7 36. Qxe6+ Rf7 37. Qxc8+ Kg7 38. Rd8 Qa1+ 39. Kh2 Ne7
40. Qe6 Qf6 41. Qxe4 a5 42. Nd4 h6 43. Rd7 Kh7 44. Ne6 Nf5 45. Qb7 Rxd7 46.
Qxd7+ Qe7 47. Qd5 Qd6 48. Qe4 a4 49. h4 Ng7 50. Nd4 Qf6 51. Kh3 a3 52. g4 a2
53. g5 hxg5 54. hxg5 Qf8 55. Nc2 Qf5+ 56. Qxf5 Nxf5 57. Na1 Ne3 58. Kg3 Nxc4
59. Kf3 b5 60. Ke4 b4 61. Kd3 Na5 62. Kc2 Kg7 63. Kb2 b3 0-1

[Event "XXXV Olimpiadi femminile"]
[Site "Bled SLO"]
[Date "2002.11.02"]
[Round "8.2"]
[White "Arnetta, Maria Teresa"]
[Black "Vasquez Ramirez, Rocio"]
[Result "0-1"]
[WhiteElo "2050"]
[BlackElo "2252"]
[Annotator "ITA-ECU"]
[PlyCount "102"]
[EventDate "2002.10.26"]

1. e4 c5 2. c3 d5 3. exd5 Qxd5 4. d4 e6 5. Nf3 Nc6 6. Na3 Bd7 7. Nc2 cxd4 8.
Ncxd4 Rc8 9. Be3 a6 10. Nxc6 Bxc6 11. Qxd5 Bxd5 12. Be2 Nf6 13. O-O Be7 14.
Rfd1 O-O 15. Ne5 b5 16. Bg5 Rfd8 17. Bf3 Bxf3 18. Nxf3 h6 19. Bxf6 Bxf6 20.
Rxd8+ Rxd8 21. Kf1 a5 22. a3 Rb8 23. Rb1 Rc8 24. Ke2 g5 25. h3 Kf8 26. Nd2 Ke7
27. Ne4 Be5 28. Nd2 f5 29. Rd1 Bf4 30. Nb3 b4 31. g3 Bd6 32. axb4 axb4 33. cxb4
Bxb4 34. Rc1 Ra8 35. Rc2 e5 36. f3 Bd6 37. g4 f4 38. Nd2 Ra2 39. Kd3 Ra1 40.
Ne4 Rh1 41. Rc6 Rxh3 42. Nxd6 Rxf3+ 43. Kd2 Kd7 44. Ra6 Rf2+ 45. Kd3 Rxb2 46.
Ne4 Rb3+ 47. Kd2 Rb2+ 48. Kd3 Rb4 49. Rxh6 Rd4+ 50. Kc3 Rxe4 51. Rg6 f3 0-1

[Event "XXXV Olimpiadi femminile"]
[Site "Bled SLO"]
[Date "2002.11.02"]
[Round "8.3"]
[White "Moncayo Romero, Evelyn"]
[Black "Sirletti, Sonia"]
[Result "1/2-1/2"]
[WhiteElo "2173"]
[BlackElo "1819"]
[Annotator "ITA-ECU"]
[PlyCount "71"]
[EventDate "2002.10.26"]

1. e4 e6 2. d4 d5 3. Nc3 dxe4 4. Nxe4 Bd7 5. Nf3 Bc6 6. Bd3 Nd7 7. O-O Ngf6 8.
Ng3 Bxf3 9. Qxf3 c6 10. b3 Be7 11. Bb2 O-O 12. c4 Re8 13. Rfe1 g6 14. Rad1 Qb6
15. h4 Qa5 16. Bb1 Rad8 17. h5 Nxh5 18. d5 Bf6 19. dxe6 Rxe6 20. Rxe6 fxe6 21.
Nxh5 Bxb2 22. Nf4 Nf8 23. Rxd8 Qxd8 24. Qe2 Qf6 25. g3 Be5 26. Nd3 Bd6 27. Kg2
e5 28. c5 Bc7 29. b4 Ne6 30. a4 Nd4 31. Ba2+ Kg7 32. Qe3 Nf5 33. Qe4 Nd4 34.
Qe3 Nf5 35. Qe4 Nd4 36. Qe3 1/2-1/2

[Event "XXXV Olimpiadi femminile"]
[Site "Bled SLO"]
[Date "2002.11.04"]
[Round "9.1"]
[White "Costantini, Laura"]
[Black "Titova-Boric, Elena"]
[Result "0-1"]
[WhiteElo "2052"]
[BlackElo "2235"]
[Annotator "ITA-BIH"]
[PlyCount "74"]
[EventDate "2002.10.26"]

1. e4 Nf6 2. e5 Nd5 3. d4 d6 4. c4 Nb6 5. exd6 cxd6 6. Nc3 g6 7. Be3 Bg7 8. Rc1
O-O 9. b3 Nc6 10. d5 Ne5 11. Be2 h5 12. Qd2 Nbd7 13. f4 Ng4 14. Bxg4 hxg4 15.
Nge2 f5 16. Nd4 Nf6 17. O-O Bd7 18. Rfe1 a6 19. Bf2 Bh6 20. Ne6 Bxe6 21. Rxe6
Rf7 22. Rce1 Kf8 23. Bd4 Bg7 24. Qe3 b5 25. Bb6 Qd7 26. a3 bxc4 27. bxc4 Rc8
28. c5 dxc5 29. Bxc5 Nxd5 30. Nxd5 Qxd5 31. Rxe7 Rxe7 32. Qxe7+ Kg8 33. Bb4 a5
34. Bd6 Bf8 35. Qf6 Qxd6 36. Re6 Rc1+ 37. Kf2 Qxf4+ 0-1